000 00700nam a2200289Ia 4500
005 20260324120737.0
008 008 260324s9999 xx 000 0 eng d
020 _a9781315773681
037 _aEBOOK
040 _aCRL
040 _beng
040 _cCRL
041 _2eng
041 _aeng
084 _qCRL
100 _aAna MarĂ­a Fraile-Marcos
_91159797
245 0 _aLiterature and the Glocal City
245 0 _bReshaping the English Canadian Imaginary
260 _bTaylor and Francis
260 _c2014
365 _a
365 _b240
856 _uhttp://www.taylorfrancis.com/books/9781315773681
942 _cEBOOK
999 _c1751481
_d1751481